| 000 | 00000nam 2200000za 4500 |
| 001 | 9.807930 |
| 003 | CaOODSP |
| 005 | 20221123121034 |
| 007 | cr ||||||||||| |
| 008 | 150720s2015 xxc|||||o f|0| 0 fre d |
| 040 | |aCaOODSP|bfre |
| 043 | |an-cn--- |
| 086 | 1 |aYM32-2/2015-47F-PDF |
| 100 | 1 |aButler, Martha. |
| 245 | 10|aCarter c. Canada |h[ressource électronique] : |bl'arrêt de la Cour suprême du Canada sur le recours à l'aide d'un médecin pour mourir / |c[par] Martha Butler, Marlisa Tiedemann. |
| 260 | |aOttawa : |bBibliothèque du Parlement, |cc2015. |
| 300 | |ai, 17 p. |
| 490 | 1 |aÉtude générale ; |v2015-47-F, [2e session, 41e législature] |
| 500 | |aPublié aussi en anglais sous le titre : Carter v. Canada: the Supreme Court of Canada's decision on assisted dying . |
| 500 | |aLe 7 octobre 2015. |
| 504 | |aComprend des références bibliographiques. |
| 692 | 07|2gccst|aEuthanasie |
| 700 | 1 |aTiedemann, Marlisa. |
| 710 | 1 |aCanada. |bService d'information et de recherche parlementaires. |
| 775 | 08|tCarter v. Canada |w(CaOODSP)9.807927 |
| 830 | #0|aÉtude générale ;|v2015-47-F, [2e session, 41e législature] |w(CaOODSP)9.501181 |
| 856 | 40|qPDF|s551 Ko|uhttps://publications.gc.ca/collections/collection_2015/bdp-lop/bp/YM32-2-2015-47-fra.pdf |